LEADER 01244nam 2200349 a 450 001 9910700160403321 005 20111222150902.0 035 $a(CKB)5470000002407362 035 $a(OCoLC)703887729 035 $a(EXLCZ)995470000002407362 100 $a20110225d2010 ua 0 101 0 $aeng 135 $aurbn||||a|||| 181 $ctxt$2rdacontent 182 $cc$2rdamedia 183 $acr$2rdacarrier 200 10$aRussia$b[electronic resource] $ein transition or intransigent? : hearing before the Commission on Security and Cooperation in Europe, One Hundred Tenth Congress, first session, May 24, 2007 210 1$aWashington :$cU.S. G.P.O.,$d2010. 215 $a1 online resource (iii, 91 pages) 300 $aPaper version available for sale by the Supt. of Docs., U.S. G.P.O. 300 $a"CSCE 110-1-1." 320 $aIncludes bibliographical references. 517 $aRussia 607 $aRussia (Federation)$xForeign relations$zUnited States 607 $aUnited States$xForeign relations$zRussia (Federation) 607 $aRussia (Federation)$xPolitics and government$y1991- 801 0$bGPO 801 1$bGPO 906 $aBOOK 912 $a9910700160403321 996 $aRussia$9168897 997 $aUNINA LEADER 01142nam 2200397 450 001 9910792932703321 005 20230809224659.0 010 $a962-996-817-7 035 $a(CKB)3710000001402009 035 $a(MiAaPQ)EBC5433627 035 $a(Au-PeEL)EBL5433627 035 $a(OCoLC)1042320619 035 $a(EXLCZ)993710000001402009 100 $a20200123d2017 uy 0 101 0 $aeng 135 $aurcnu|||||||| 181 $ctxt$2rdacontent 182 $cc$2rdamedia 183 $acr$2rdacarrier 200 10$aLam Woo $emaster builder, revolutionary, and philanthropist /$fMoira M. W. Chan-Yeung 210 1$aHong Kong :$cChinese University Press,$d[2017] 210 4$dİ2017 215 $a1 online resource (260 pages) $cillustrations 300 $aIncludes index. 311 $a962-996-784-7 606 $aRevolutionaries$zChina$vBiography 615 0$aRevolutionaries 676 $a322.420922 700 $aChan-Yeung$b Moira M. W.$01475089 801 0$bMiAaPQ 801 1$bMiAaPQ 801 2$bMiAaPQ 906 $aBOOK 912 $a9910792932703321 996 $aLam Woo$93689095 997 $aUNINA